000 00592nam a22002177a 4500
003 OSt
005 20140310182909.0
008 130128t xxu||||| |||| 00| 0 eng d
020 _a9712329801
050 _aPE1128
_b.B223 2001
082 _aFIL 651.7
_bB23 2001
245 _aCommunication skills II :
_cBaraceros, Esther L.
_bdeveloping basic research and writing skills.
260 _aManila
_bRex
_cc2001
300 _a133 p.
_c22.2 cm.
521 _acollege students
526 _c1210L-1700L
541 _j1
541 _j2
562 _e2
942 _2lcc
_cBK
_kFIL
999 _c17190
_d17190